000 00705nam a2200253Ia 4500
003 OSt
005 20220928125834.0
006 a|||||r|||| 00| 0
007 ta
008 220927b |||||||| |||| 00| 0 eng d
024 _a17651
037 _cTextual
040 _aSDCL
_cSDCL
_beng
041 _2eng
_aeng
082 _aO142,3M21,2, L6
100 _aDostoevsky Fyodor
245 0 _aBrothers Karamazov
260 _aNew York
_b W W Norton
_c1976
300 _axviii,887p.
_ccm.
650 _aDostoyevsky Fyodor Fiction
_9411143
700 _a Matlaw Ralph E Ed.
942 _hO142,3M21,2, L6
_cTEXL
_2CC
999 _c784338
_d784338